<?xml version="1.0" encoding="UTF-8"?>
<record
    xmlns:xsi="http://www.w3.org/2001/XMLSchema-instance"
    xsi:schemaLocation="http://www.loc.gov/MARC21/slim http://www.loc.gov/standards/marcxml/schema/MARC21slim.xsd"
    xmlns="http://www.loc.gov/MARC21/slim">

  <leader>01456cam a2200289 a 4500</leader>
  <controlfield tag="005">20171103115413.0</controlfield>
  <controlfield tag="008">991025m19992004nyuado  r     000 0 spa d</controlfield>
  <datafield tag="040" ind1=" " ind2=" ">
    <subfield code="a">CO-BoPUJ</subfield>
    <subfield code="c">CO-BoIAVH</subfield>
    <subfield code="d">CO-BoIAVH</subfield>
  </datafield>
  <datafield tag="041" ind1="0" ind2=" ">
    <subfield code="a">spa</subfield>
  </datafield>
  <datafield tag="044" ind1=" " ind2=" ">
    <subfield code="a">ck</subfield>
  </datafield>
  <datafield tag="082" ind1="0" ind2="4">
    <subfield code="a">304.60727</subfield>
    <subfield code="b">F67h</subfield>
  </datafield>
  <datafield tag="110" ind1="2" ind2=" ">
    <subfield code="a">Fondo de Poblaci&#xF3;n de las Naciones Unidas</subfield>
  </datafield>
  <datafield tag="245" ind1="1" ind2="0">
    <subfield code="a">Estado de la poblaci&#xF3;n mundial / </subfield>
    <subfield code="c">Fondo de Poblaci&#xF3;n de las Naciones Unidas</subfield>
  </datafield>
  <datafield tag="260" ind1=" " ind2=" ">
    <subfield code="a">Nueva York (EE.UU.) : </subfield>
    <subfield code="b">FNUAP,</subfield>
    <subfield code="c">1999-2004.</subfield>
  </datafield>
  <datafield tag="300" ind1=" " ind2=" ">
    <subfield code="a">3 vol&#xFA;menes : </subfield>
    <subfield code="b">ilustraciones, gr&#xE1;ficas, fotos y tablas ; </subfield>
    <subfield code="c">27 x 21 cm.</subfield>
  </datafield>
  <datafield tag="500" ind1=" " ind2=" ">
    <subfield code="a">Informes anuales para : 1999, 2001, 2004.</subfield>
  </datafield>
  <datafield tag="505" ind1="0" ind2=" ">
    <subfield code="g">1999.</subfield>
    <subfield code="t">6 mil millones es hora de optar. --</subfield>
    <subfield code="g">2001.</subfield>
    <subfield code="t">Huellas e hitos : poblaci&#xF3;n y cambio del medio ambiente. --</subfield>
    <subfield code="g">2004.</subfield>
    <subfield code="t">Consenso de El Cairo, diez a&#xF1;os despu&#xE9;s : poblaci&#xF3;n, salud reproductiva y acciones mundiales para eliminar la pobreza.</subfield>
  </datafield>
  <datafield tag="650" ind1="2" ind2="6">
    <subfield code="a">Poblaci&#xF3;n</subfield>
    <subfield code="v">Estad&#xED;sticas</subfield>
  </datafield>
  <datafield tag="650" ind1="2" ind2="6">
    <subfield code="a">Reproducci&#xF3;n humana</subfield>
    <subfield code="v">Estad&#xED;sticas</subfield>
  </datafield>
  <datafield tag="650" ind1="2" ind2="6">
    <subfield code="a">Crecimiento demogr&#xE1;fico</subfield>
    <subfield code="v">Estad&#xED;sticas</subfield>
  </datafield>
  <datafield tag="650" ind1="2" ind2="6">
    <subfield code="a">Indicadores sociales</subfield>
    <subfield code="v">Estad&#xED;sticas</subfield>
  </datafield>
  <datafield tag="650" ind1="2" ind2="6">
    <subfield code="a">Indicadores econ&#xF3;micos</subfield>
    <subfield code="v">Estad&#xED;sticas</subfield>
  </datafield>
  <datafield tag="740" ind1="0" ind2=" ">
    <subfield code="a">6 mil millones es hora de optar</subfield>
  </datafield>
  <datafield tag="740" ind1="0" ind2=" ">
    <subfield code="a">Huellas e hitos: poblaci&#xF3;n y cambio del medio ambiente</subfield>
  </datafield>
  <datafield tag="740" ind1="0" ind2=" ">
    <subfield code="a">Consenso de El Cairo, diez a&#xF1;os despu&#xE9;s : poblaci&#xF3;n, salud reproductiva y acciones mundiales para eliminar la pobreza.</subfield>
  </datafield>
  <datafield tag="942" ind1=" " ind2=" ">
    <subfield code="2">ddc</subfield>
    <subfield code="c">LIBRO</subfield>
  </datafield>
  <datafield tag="999" ind1=" " ind2=" ">
    <subfield code="c">3280</subfield>
    <subfield code="d">3280</subfield>
  </datafield>
  <datafield tag="952" ind1=" " ind2=" ">
    <subfield code="0">0</subfield>
    <subfield code="1">0</subfield>
    <subfield code="2">ddc</subfield>
    <subfield code="4">0</subfield>
    <subfield code="7">0</subfield>
    <subfield code="8">GENERAL</subfield>
    <subfield code="I">INV2017</subfield>
    <subfield code="a">Venado</subfield>
    <subfield code="b">Venado</subfield>
    <subfield code="d">2003-04-29</subfield>
    <subfield code="e">Instituto</subfield>
    <subfield code="g">39000.00</subfield>
    <subfield code="l">0</subfield>
    <subfield code="o">LB-304.60727 F67h</subfield>
    <subfield code="p">003529</subfield>
    <subfield code="r">2012-12-04 00:00:00</subfield>
    <subfield code="t">V.1 Ej.1</subfield>
    <subfield code="w">2012-12-04</subfield>
    <subfield code="x">Donacion</subfield>
    <subfield code="y">LIBRO</subfield>
  </datafield>
</record>
